000 00857cam a22003011 4500
999 _c528409
_d528409
001 6111664
003 NUST
005 20190911094101.0
008 770323s1962 nju 000 0 eng
010 _a 64009068
035 _a(OCoLC)2828183
038 _aMSOHAIL
040 _aDLC
_cNNCU-G
_dOCoLC
_dDLC
042 _apremarc
050 1 0 _aQA191
082 _a0
100 1 _aBowman, Frank,
_d1891-
_920192
245 1 3 _aAn introduction to determinants and matrices
_c[by] F. Bowman.
260 _aPrinceton, N.J.,
_bVan Nostrand
_c[c1962]
300 _a163 p.
_billus.
_c22 cm.
490 0 _aApplied mathematics series
504 _aBibliography: p. [160]
650 0 _aDeterminants.
_920193
650 0 _aMatrices.
_92986
740 0 _aDeterminants and matrices.
906 _a7
_bcbc
_coclcrpl
_du
_encip
_f19
_gy-gencatlg
942 _2ddc
_cBK